00269nam a22001217a 4500020001500000040000900015082001200024100001700036245002200053250001300075260003700088650002200125 a8180300684 cNUST a515 KUM aKumar, Sunil aAdvanced Calculus bVolume-1 aNew Delhi:bCampus Books,c2005. aAdvanced Calculus